[Event "43rd Guernsey International Open"]
[Site "?"]
[Date "2017.10.15"]
[Round "1"]
[White "Vorstermans, Peter"]
[Black "Van der Giessen, Ada Leona"]
[Result "1-0"]
[WhiteElo "2007"]
[BlackElo "1821"]
[PlyCount "59"]
[EventDate "2017.10.15"]
[EventType "swiss"]
[EventRounds "7"]
[SourceDate "2017.11.01"]
[SourceVersionDate "2017.11.01"]

1. e4 d5 2. exd5 Nf6 3. d4 Bg4 4. Be2 Bxe2 5. Nxe2 Nxd5 6. O-O e6 7. c4 Nf6 8.
Nbc3 Be7 9. Qb3 Qc8 10. Bf4 c6 11. Rac1 O-O 12. d5 Nbd7 13. Ng3 e5 14. Nf5 Re8
15. Nxe7+ Rxe7 16. Be3 Ng4 17. Ne4 Ndf6 18. Qa3 Rd7 19. Nc5 Rd8 20. dxc6 Qxc6
21. Bg5 Rdc8 22. Bxf6 Nxf6 23. Nd3 e4 24. Nf4 Rd8 25. Qe3 Rd7 26. h3 b6 27.
Rfe1 Rad8 28. b4 Rd4 29. Nd5 Rxc4 30. Ne7+ 1-0

[Event "43rd Guernsey International Open"]
[Site "?"]
[Date "2017.10.15"]
[Round "1"]
[White "Ingham, H William"]
[Black "Goris, Ton"]
[Result "1-0"]
[WhiteElo "1817"]
[BlackElo "2006"]
[PlyCount "95"]
[EventDate "2017.10.15"]
[EventType "swiss"]
[EventRounds "7"]
[SourceDate "2017.11.01"]
[SourceVersionDate "2017.11.01"]

1. d4 e6 2. Bf4 d5 3. e3 Bd6 4. Bg3 Ne7 5. Nf3 Nbc6 6. c3 a6 7. a4 Nf5 8. Bd3
Nxg3 9. hxg3 g6 10. Nbd2 e5 11. e4 exd4 12. cxd4 Nb4 13. Bb1 dxe4 14. Nxe4 Qe7
15. O-O O-O 16. Re1 Qd8 17. Qd2 f5 18. Nc3 Re8 19. Na2 a5 20. Rxe8+ Qxe8 21.
Nxb4 Bxb4 22. Ba2+ Be6 23. Bxe6+ Qxe6 24. Qc2 c6 25. Ng5 Qd5 26. Qe2 h6 27. Nf3
Rd8 28. Qe5 Qxe5 29. dxe5 Kf7 30. Kf1 Ke6 31. Ke2 g5 32. Rh1 Bf8 33. Nd2 Rd4
34. b3 b5 35. Rc1 Kd5 36. axb5 cxb5 37. Rc8 Bc5 38. Rd8+ Ke6 39. Rh8 g4 40. f4
gxf3+ 41. gxf3 a4 42. bxa4 bxa4 43. f4 a3 44. Rxh6+ Kd5 45. Ra6 Bb4 46. Nb1 Ke4
47. Rxa3 Bxa3 48. Nc3# 1-0

[Event "43rd Guernsey International Open"]
[Site "?"]
[Date "2017.10.15"]
[Round "1"]
[White "Munshi, Aditya"]
[Black "Plug, Arjan"]
[Result "1-0"]
[WhiteElo "1986"]
[BlackElo "1814"]
[PlyCount "55"]
[EventDate "2017.10.15"]
[EventType "swiss"]
[EventRounds "7"]
[SourceDate "2017.11.01"]
[SourceVersionDate "2017.11.01"]

1. e4 e6 2. d3 d5 3. Nd2 Nf6 4. g3 Nc6 5. Bg2 Bc5 6. Ngf3 dxe4 7. dxe4 e5 8. h3
O-O 9. O-O a6 10. c3 h6 11. Qe2 Re8 12. b4 Ba7 13. a4 Qe7 14. Ba3 Nb8 15. Nc4
Nbd7 16. Bc1 Qe6 17. Nh4 Nf8 18. Nf5 Bd7 19. Nce3 b5 20. a5 c5 21. Rd1 Qc6 22.
Rd6 Qc8 23. Rxf6 gxf6 24. Qh5 cxb4 25. Nxh6+ Kh8 26. Nhg4+ Kg8 27. Nxf6+ Kg7
28. Ned5 1-0

[Event "43rd Guernsey International Open"]
[Site "?"]
[Date "2017.10.15"]
[Round "1"]
[White "Gravett, Alan D"]
[Black "Van Dijk, Bram"]
[Result "0-1"]
[WhiteElo "1810"]
[BlackElo "1999"]
[PlyCount "26"]
[EventDate "2017.10.15"]
[EventType "swiss"]
[EventRounds "7"]
[SourceDate "2017.11.01"]
[SourceVersionDate "2017.11.01"]

1. g3 e5 2. Bg2 Nc6 3. d3 Bc5 4. Nf3 d6 5. O-O Bg4 6. c3 Qd7 7. Nbd2 a5 8. Qb3
Rb8 9. Re1 Nge7 10. a4 O-O 11. Ne4 Bb6 12. Bh6 Be6 13. Qc2 f5 0-1

[Event "43rd Guernsey International Open"]
[Site "?"]
[Date "2017.10.15"]
[Round "1"]
[White "Sielicki, Tomasz"]
[Black "Cummins, John"]
[Result "1-0"]
[WhiteElo "1997"]
[BlackElo "1790"]
[PlyCount "71"]
[EventDate "2017.10.15"]
[EventType "swiss"]
[EventRounds "7"]
[SourceDate "2017.11.01"]
[SourceVersionDate "2017.11.01"]

1. d4 Nf6 2. Bf4 e6 3. Nf3 b6 4. e3 Bb7 5. Nbd2 Be7 6. Bd3 Nc6 7. c3 d5 8. Qe2
a6 9. O-O-O h6 10. Kb1 b5 11. e4 dxe4 12. Nxe4 Nxe4 13. Bxe4 Na5 14. Rhe1 c6
15. Ne5 Bd6 16. Qg4 Qf6 17. Nxf7 Bxf4 18. Nxh8 O-O-O 19. Ng6 Bc7 20. Bf3 Re8
21. Ne5 Re7 22. Nd3 Kb8 23. Re2 Bc8 24. Qe4 Bd6 25. Ne5 Bb7 26. Qg4 Qf5+ 27.
Qxf5 exf5 28. Rde1 Kc7 29. b4 Nc4 30. Nxc4 Rxe2 31. Bxe2 bxc4 32. Bxc4 Bc8 33.
Be6 Bd7 34. g3 g5 35. Kc2 f4 36. Kd3 1-0

[Event "43rd Guernsey International Open"]
[Site "?"]
[Date "2017.10.15"]
[Round "1"]
[White "Winter, Kevin"]
[Black "Kirby, Peter J"]
[Result "1/2-1/2"]
[WhiteElo "1774"]
[BlackElo "1996"]
[PlyCount "77"]
[EventDate "2017.10.15"]
[EventType "swiss"]
[EventRounds "7"]
[SourceDate "2017.11.01"]
[SourceVersionDate "2017.11.01"]

1. e4 c5 2. Be2 Nc6 3. d3 g6 4. f4 e5 5. Nf3 Bg7 6. fxe5 Nxe5 7. Nc3 Nxf3+ 8.
Bxf3 Ne7 9. Bg5 f6 10. Bf4 d6 11. O-O a6 12. a4 Nc6 13. Qe1 O-O 14. Nd5 Be6 15.
Qg3 Ne5 16. Be2 Bxd5 17. exd5 f5 18. c3 Re8 19. Rae1 Qd7 20. d4 cxd4 21. cxd4
Nf7 22. Bc4 Bxd4+ 23. Kh1 Be5 24. Bb3 Bxb2 25. Re6 Ne5 26. Bd2 Kh8 27. Bb4 Rxe6
28. dxe6 Qc7 29. Rd1 Rd8 30. h3 a5 31. Bd2 Nc6 32. Bc3+ Bxc3 33. Qxc3+ Qg7 34.
Qg3 Ne5 35. Qe1 Qc7 36. Rc1 Qb6 37. Bd5 Qd4 38. Qxa5 Re8 39. Qb5 1/2-1/2

[Event "43rd Guernsey International Open"]
[Site "?"]
[Date "2017.10.15"]
[Round "1"]
[White "Hewson, Brian WR"]
[Black "Cook, Chris"]
[Result "1-0"]
[WhiteElo "1995"]
[BlackElo "1771"]
[PlyCount "93"]
[EventDate "2017.10.15"]
[EventType "swiss"]
[EventRounds "7"]
[SourceDate "2017.11.01"]
[SourceVersionDate "2017.11.01"]

1. d4 Nf6 2. Nf3 e6 3. g3 b6 4. Bg2 Bb7 5. O-O d5 6. c4 c5 7. cxd5 Bxd5 8. Nc3
Nbd7 9. Nxd5 exd5 10. Ne5 Nxe5 11. dxe5 Ne4 12. Bxe4 dxe4 13. Qa4+ Qd7 14. Qxe4
Rd8 15. Bg5 Be7 16. Bxe7 Qxe7 17. Qc6+ Qd7 18. Qxd7+ Rxd7 19. Rad1 Rxd1 20.
Rxd1 Ke7 21. f4 Rc8 22. Kf2 c4 23. Rc1 Rc5 24. Ke3 f6 25. exf6+ Kxf6 26. Kd4
Rh5 27. Rxc4 Rxh2 28. Ke3 g5 29. fxg5+ Kxg5 30. Rc7 Rh6 31. Rg7+ Kf5 32. Rxa7
Re6+ 33. Kf3 h5 34. Rh7 Kg6 35. Rb7 Kf5 36. e4+ Kg5 37. Rf7 Rc6 38. Rf5+ Kg6
39. Rb5 Rf6+ 40. Ke3 Re6 41. a4 Kh6 42. b4 Rg6 43. Kf4 Rg4+ 44. Kf3 Rg6 45. Rf5
Rc6 46. e5 Rc3+ 47. Kg2 1-0

[Event "43rd Guernsey International Open"]
[Site "?"]
[Date "2017.10.15"]
[Round "1"]
[White "Murray, J Stephen"]
[Black "De Kruif, Kees"]
[Result "0-1"]
[WhiteElo "1763"]
[BlackElo "1993"]
[PlyCount "104"]
[EventDate "2017.10.15"]
[EventType "swiss"]
[EventRounds "7"]
[SourceDate "2017.11.01"]
[SourceVersionDate "2017.11.01"]

1. e4 c5 2. Be2 e5 3. d3 Nc6 4. Nc3 d6 5. f4 g6 6. Nf3 Bg7 7. O-O Nge7 8. Nd5
O-O 9. Rb1 h6 10. a3 f5 11. fxe5 Nxd5 12. exd5 Nxe5 13. b4 b6 14. Bb2 Ng4 15.
Qd2 f4 16. Bxg7 Kxg7 17. Rbe1 Qf6 18. c4 Bd7 19. h3 Ne3 20. Rf2 Rae8 21. Bf1 g5
22. Qb2 Qxb2 23. Rxb2 Bf5 24. bxc5 bxc5 25. d4 Rb8 26. Rxb8 Rxb8 27. dxc5 dxc5
28. Ne5 Kf6 29. Nc6 Rb3 30. Nxa7 Rxa3 31. Nb5 Ra2 32. Nd6 Rc2 33. g4 Bg6 34.
Be2 Rd2 35. Nb7 Nc2 36. Rd1 Rxe2 37. d6 Be8 38. Nxc5 f3 39. d7 Bxd7 40. Nxd7+
Ke7 41. Rd3 Ne3 42. Rxe3+ Rxe3 43. Kf2 Rc3 44. Ne5 Ke6 45. Nxf3 Rxc4 46. Ke3
Kd5 47. Kf2 Rc2+ 48. Kg3 Rc3 49. Kf2 Ke4 50. Ng1 Ra3 51. Kg2 Ra2+ 52. Kg3 Rb2
0-1

[Event "43rd Guernsey International Open"]
[Site "?"]
[Date "2017.10.15"]
[Round "1"]
[White "Van den Boogaart, Jan Maarten"]
[Black "Frijling, Jeroen"]
[Result "1-0"]
[WhiteElo "1991"]
[BlackElo "1727"]
[PlyCount "53"]
[EventDate "2017.10.15"]
[EventType "swiss"]
[EventRounds "7"]
[SourceDate "2017.11.01"]
[SourceVersionDate "2017.11.01"]

1. d4 Nf6 2. c4 c6 3. Nc3 d5 4. Nf3 dxc4 5. a4 Bf5 6. e3 e6 7. Bxc4 Bb4 8. O-O
O-O 9. Qe2 Nbd7 10. e4 Bg6 11. e5 Nd5 12. Ne4 N7b6 13. Bb3 a5 14. Bg5 Be7 15.
Bd2 Nb4 16. Rfd1 N6d5 17. Rac1 Rc8 18. Ne1 Qb6 19. Nc5 Rfd8 20. Be3 Nxe3 21.
Qxe3 Nd5 22. Bxd5 Rxd5 23. Ned3 Rcd8 24. Nf4 Bg5 25. Nxd5 Qxc5 26. Rxc5 Bxe3
27. Nxe3 1-0

[Event "43rd Guernsey International Open"]
[Site "?"]
[Date "2017.10.15"]
[Round "1"]
[White "Bakkes, Frits"]
[Black "Campbell, Ian"]
[Result "1-0"]
[WhiteElo "1636"]
[BlackElo "1990"]
[PlyCount "44"]
[EventDate "2017.10.15"]
[EventType "swiss"]
[EventRounds "7"]
[SourceDate "2017.11.01"]
[SourceVersionDate "2017.11.01"]

1. e4 g6 2. d4 Bg7 3. e5 d6 4. f4 c6 5. Nf3 Bg4 6. Be2 e6 7. Be3 Ne7 8. O-O Nf5
9. Bf2 d5 10. a4 Nd7 11. Na3 Bxf3 12. Bxf3 h5 13. c4 a6 14. b4 O-O 15. Bxh5
gxh5 16. Qxh5 Ne7 17. Bh4 f6 18. Rf3 Qe8 19. Qg4 Qg6 20. Qxe6+ Rf7 21. Qxd7 Nf5
22. Qe6 fxe5 1-0

[Event "43rd Guernsey International Open"]
[Site "?"]
[Date "2017.10.16"]
[Round "2"]
[White "Wager, John D"]
[Black "Le Roux, Jean Pierre"]
[Result "0-1"]
[WhiteElo "2025"]
[BlackElo "2554"]
[PlyCount "62"]
[EventDate "2017.10.15"]
[EventType "swiss"]
[EventRounds "7"]
[SourceDate "2017.11.01"]
[SourceVersionDate "2017.11.01"]

1. d4 Nf6 2. Nf3 c5 3. d5 g6 4. g3 Bg7 5. Bg2 O-O 6. O-O d6 7. Nc3 Na6 8. e4
Bg4 9. h3 Bxf3 10. Qxf3 Nc7 11. Qe2 Rb8 12. a4 e6 13. Be3 exd5 14. e5 d4 15.
exf6 Bxf6 16. Bh6 dxc3 17. Bxf8 cxb2 18. Rad1 Qxf8 19. Qd3 b5 20. a5 Rd8 21.
Qf3 Kg7 22. Qb7 Ne6 23. Qxa7 Nd4 24. Rd2 b4 25. a6 Nb5 26. Qb7 Rb8 27. Qd7 Qe7
28. Qxe7 Bxe7 29. Bc6 Rb6 30. Bb7 Nc7 31. Rb1 Bf6 0-1

[Event "43rd Guernsey International Open"]
[Site "?"]
[Date "2017.10.16"]
[Round "2"]
[White "Hillarp Persson, Tiger"]
[Black "Vorstermans, Peter"]
[Result "1-0"]
[WhiteElo "2517"]
[BlackElo "2007"]
[PlyCount "63"]
[EventDate "2017.10.15"]
[EventType "swiss"]
[EventRounds "7"]
[SourceDate "2017.11.01"]
[SourceVersionDate "2017.11.01"]

1. d4 f5 2. Bf4 Nf6 3. e3 g6 4. h4 h6 5. Qf3 d6 6. Nc3 c6 7. Bc4 d5 8. Bd3 Be6
9. h5 g5 10. Bxb8 g4 11. Qf4 Qxb8 12. Bxf5 Qxf4 13. Bg6+ Kd7 14. exf4 Kd6 15.
Nge2 Nd7 16. O-O-O Bg7 17. f5 Bg8 18. Rh4 Nf6 19. Nf4 b5 20. Re1 b4 21. Nce2 a5
22. Nd3 Bh7 23. Bxh7 Rxh7 24. Ng3 Bh8 25. Re6+ Kc7 26. Ne5 Ra6 27. Nxg4 Nxg4
28. Rxg4 Bf6 29. Ne2 a4 30. Rg8 Rf7 31. g4 Ra7 32. f4 1-0

[Event "43rd Guernsey International Open"]
[Site "?"]
[Date "2017.10.16"]
[Round "2"]
[White "Collier, David O"]
[Black "Enkhtuul, Altan Ulzii"]
[Result "0-1"]
[WhiteElo "2015"]
[BlackElo "2327"]
[PlyCount "82"]
[EventDate "2017.10.15"]
[EventType "swiss"]
[EventRounds "7"]
[SourceDate "2017.11.01"]
[SourceVersionDate "2017.11.01"]

1. d4 Nf6 2. Bg5 d5 3. Nf3 Ne4 4. Bf4 e6 5. e3 Bd6 6. Bxd6 Qxd6 7. c3 O-O 8.
Bd3 f5 9. O-O Nd7 10. Nbd2 e5 11. dxe5 Nxe5 12. Nxe5 Nxd2 13. Qxd2 Qxe5 14. Qc2
Kh8 15. Rac1 Bd7 16. Rfe1 Rae8 17. Qd2 Bc6 18. a4 a6 19. Ra1 Qd6 20. b4 Qd7 21.
Bc2 Rf6 22. Red1 Rg6 23. g3 Rh6 24. h4 f4 25. exf4 Rxh4 26. Qd3 Rh6 27. f5 d4
28. f3 Qd6 29. Kg2 dxc3 30. Re1 Rd8 31. b5 Qxd3 32. Bxd3 Bxf3+ 33. Kxf3 Rxd3+
34. Kf4 Rd4+ 35. Kg5 Kg8 36. Re8+ Kf7 37. Rae1 Rd7 38. R8e3 axb5 39. axb5 Rb6
40. Rxc3 Rxb5 41. Ra3 h6+ 0-1

[Event "43rd Guernsey International Open"]
[Site "?"]
[Date "2017.10.16"]
[Round "2"]
[White "Van Dijk, Bram"]
[Black "Jackson, Oliver A"]
[Result "1/2-1/2"]
[WhiteElo "1999"]
[BlackElo "2168"]
[PlyCount "40"]
[EventDate "2017.10.15"]
[EventType "swiss"]
[EventRounds "7"]
[SourceDate "2017.11.01"]
[SourceVersionDate "2017.11.01"]

1. e4 c5 2. Nc3 e6 3. f4 a6 4. a4 d5 5. d3 Nc6 6. Nf3 Nf6 7. e5 Nd7 8. g3 Be7
9. Qe2 O-O 10. Bg2 Rb8 11. Nd1 b5 12. axb5 axb5 13. O-O Qb6 14. Kh1 Bb7 15. Be3
Ra8 16. Nf2 f6 17. exf6 Rxa1 18. f7+ Rxf7 19. Rxa1 e5 20. Ng4 d4 1/2-1/2

[Event "43rd Guernsey International Open"]
[Site "?"]
[Date "2017.10.16"]
[Round "2"]
[White "Whatley, Stephen AJ"]
[Black "Sielicki, Tomasz"]
[Result "1/2-1/2"]
[WhiteElo "2159"]
[BlackElo "1997"]
[PlyCount "53"]
[EventDate "2017.10.15"]
[EventType "swiss"]
[EventRounds "7"]
[SourceDate "2017.11.01"]
[SourceVersionDate "2017.11.01"]

1. e4 e5 2. Nf3 Nc6 3. Bc4 Bc5 4. c3 Nf6 5. d3 a6 6. Bb3 Ba7 7. Nbd2 d6 8. h3
O-O 9. Nf1 d5 10. Qe2 Be6 11. Bg5 dxe4 12. dxe4 Bxb3 13. axb3 Qd6 14. N3d2 Qe6
15. Ne3 Bxe3 16. Bxe3 Rfd8 17. b4 Ne8 18. O-O Nd6 19. f4 exf4 20. Bxf4 f6 21.
Rfe1 Ne5 22. Nf3 Nxf3+ 23. Qxf3 Nc4 24. Bxc7 Rd7 25. Bf4 Nxb2 26. Reb1 Nd3 27.
b5 1/2-1/2

[Event "43rd Guernsey International Open"]
[Site "?"]
[Date "2017.10.16"]
[Round "2"]
[White "De Kruif, Kees"]
[Black "Mack, Wolfgang"]
[Result "0-1"]
[WhiteElo "1993"]
[BlackElo "2149"]
[PlyCount "78"]
[EventDate "2017.10.15"]
[EventType "swiss"]
[EventRounds "7"]
[SourceDate "2017.11.01"]
[SourceVersionDate "2017.11.01"]

1. c4 g6 2. Nc3 Bg7 3. g3 e5 4. Bg2 d6 5. d3 Nc6 6. e4 f5 7. Nge2 Nf6 8. O-O
O-O 9. f4 exf4 10. Bxf4 fxe4 11. dxe4 Ng4 12. Qd2 Be6 13. Nd5 Qd7 14. Rac1 Rf7
15. c5 Nge5 16. cxd6 Qxd6 17. Rcd1 Bg4 18. h3 Bxe2 19. Qxe2 Raf8 20. Qb5 g5 21.
Ne3 Nd4 22. Bxe5 Bxe5 23. Qc4 b5 24. Qd3 c5 25. Rxf7 Rxf7 26. Ng4 a5 27. Nxe5
Qxe5 28. g4 Kg7 29. Rf1 Rf4 30. a4 c4 31. Qd2 b4 32. Rxf4 gxf4 33. Qd1 c3 34.
bxc3 bxc3 35. Qb1 Qc7 36. Qe1 Qc5 37. Kf1 c2 38. Qc1 Qc3 39. Kf2 Qe3+ 0-1

[Event "43rd Guernsey International Open"]
[Site "?"]
[Date "2017.10.16"]
[Round "2"]
[White "Boerkamp, Harry"]
[Black "Timmermans, Ivo"]
[Result "0-1"]
[WhiteElo "1896"]
[BlackElo "2126"]
[PlyCount "112"]
[EventDate "2017.10.15"]
[EventType "swiss"]
[EventRounds "7"]
[SourceDate "2017.11.01"]
[SourceVersionDate "2017.11.01"]

1. e4 e5 2. Nf3 Nc6 3. Bc4 Bc5 4. b4 Bb6 5. a4 a6 6. c3 Nf6 7. d3 d6 8. O-O O-O
9. Qb3 Ne7 10. Bg5 Ng6 11. Nbd2 h6 12. Be3 Bxe3 13. fxe3 c6 14. Qc2 d5 15. exd5
cxd5 16. Bb3 Be6 17. Rfe1 Rc8 18. Rac1 Qd6 19. Qb2 Bf5 20. Bc2 Rfe8 21. c4 e4
22. Nd4 Ng4 23. Nf1 Qf6 24. dxe4 dxe4 25. Bd1 N6e5 26. Be2 Bd7 27. Bxg4 Bxg4
28. c5 Nd3 29. Qd2 Qe5 30. Rc4 Nxe1 31. Qxe1 Be6 32. Rc1 f5 33. Nd2 f4 34. Nxe6
Rxe6 35. Nc4 Qg5 36. exf4 Qxf4 37. Rd1 e3 38. Qe2 Rf8 39. b5 axb5 40. axb5 Qf2+
41. Qxf2 exf2+ 42. Kf1 Re1+ 43. Rxe1 fxe1=Q+ 44. Kxe1 Rf5 45. c6 bxc6 46. b6
Rb5 47. Kd2 Kf8 48. Kd3 Ke7 49. Kd4 Ke6 50. g4 c5+ 51. Kc3 g6 52. h3 Kd5 53.
Ne3+ Kc6 54. Nc4 Rxb6 55. Nxb6 Kxb6 56. h4 Kc6 0-1

[Event "43rd Guernsey International Open"]
[Site "?"]
[Date "2017.10.16"]
[Round "2"]
[White "Bakker, Joop"]
[Black "Dilleigh, Stephen P"]
[Result "1/2-1/2"]
[WhiteElo "1853"]
[BlackElo "2063"]
[PlyCount "28"]
[EventDate "2017.10.15"]
[EventType "swiss"]
[EventRounds "7"]
[SourceDate "2017.11.01"]
[SourceVersionDate "2017.11.01"]

1. e4 e6 2. d4 d5 3. exd5 exd5 4. Nf3 Bd6 5. c4 dxc4 6. Bxc4 Nf6 7. O-O O-O 8.
Bg5 h6 9. Bh4 Nc6 10. h3 Bf5 11. Nc3 g5 12. Bg3 Bxg3 13. fxg3 Bg6 14. Ne5 Nxe5
1/2-1/2

[Event "43rd Guernsey International Open"]
[Site "?"]
[Date "2017.10.16"]
[Round "2"]
[White "Hamperl, Fred"]
[Black "Hewson, Brian WR"]
[Result "0-1"]
[WhiteElo "2062"]
[BlackElo "1995"]
[PlyCount "28"]
[EventDate "2017.10.15"]
[EventType "swiss"]
[EventRounds "7"]
[SourceDate "2017.11.01"]
[SourceVersionDate "2017.11.01"]

1. e4 c6 2. Nc3 d5 3. Nf3 Bg4 4. h3 Bxf3 5. Qxf3 e6 6. Be2 Nd7 7. O-O Ngf6 8.
d3 Bd6 9. Bg5 h6 10. Bh4 Ne5 11. Qe3 d4 12. Qg3 g5 13. f4 gxh4 14. Qg7 Rh7 0-1

[Event "43rd Guernsey International Open"]
[Site "?"]
[Date "2017.10.16"]
[Round "2"]
[White "Rowe, Oliver"]
[Black "Purdon, Colin"]
[Result "0-1"]
[WhiteElo "1634"]
[BlackElo "2047"]
[PlyCount "60"]
[EventDate "2017.10.15"]
[EventType "swiss"]
[EventRounds "7"]
[SourceDate "2017.11.01"]
[SourceVersionDate "2017.11.01"]

1. d4 Nf6 2. Bf4 c5 3. e3 e6 4. c3 b6 5. Nf3 Bb7 6. Be2 Be7 7. h3 O-O 8. O-O d6
9. Nbd2 cxd4 10. cxd4 Nd5 11. Bh2 f5 12. Ne1 Nf6 13. Qb3 Bd5 14. Bc4 Nc6 15.
Bxd5 Nxd5 16. Nc4 Qd7 17. Nd3 Kh8 18. Rfc1 Rac8 19. a4 f4 20. Nxf4 Nxf4 21.
Bxf4 Nxd4 22. Qd3 Nf5 23. g4 Nh4 24. Qd1 Qb7 25. Kf1 Qg2+ 26. Ke2 Qxh3 27. Nxd6
Qxg4+ 28. Kf1 Qg2+ 29. Ke2 Rcd8 30. Nc8 Rxd1 0-1

[Event "43rd Guernsey International Open"]
[Site "?"]
[Date "2017.10.16"]
[Round "2"]
[White "Rosen, Daniel B"]
[Black "Van den Boogaart, Jan Maarten"]
[Result "1/2-1/2"]
[WhiteElo "2042"]
[BlackElo "1991"]
[PlyCount "51"]
[EventDate "2017.10.15"]
[EventType "swiss"]
[EventRounds "7"]
[SourceDate "2017.11.01"]
[SourceVersionDate "2017.11.01"]

1. e4 c5 2. Nc3 Nc6 3. f4 e6 4. Nf3 d5 5. d3 Nf6 6. Be2 Be7 7. O-O O-O 8. Qe1
a6 9. a4 Rb8 10. Kh1 b5 11. axb5 axb5 12. Ne5 Nd4 13. Bd1 Bb7 14. exd5 Nxd5 15.
Ne4 Ra8 16. Rxa8 Bxa8 17. Nf3 Nf5 18. Ng3 Nh4 19. Nxh4 Bxh4 20. f5 exf5 21.
Rxf5 Re8 22. Re5 Rxe5 23. Qxe5 Bf6 24. Qe1 Bh4 25. Qe5 Bf6 26. Qe1 1/2-1/2

[Event "43rd Guernsey International Open"]
[Site "?"]
[Date "2017.10.16"]
[Round "2"]
[White "Milnes, Anthony CP"]
[Black "Munshi, Aditya"]
[Result "0-1"]
[WhiteElo "2041"]
[BlackElo "1986"]
[PlyCount "62"]
[EventDate "2017.10.15"]
[EventType "swiss"]
[EventRounds "7"]
[SourceDate "2017.11.01"]
[SourceVersionDate "2017.11.01"]

1. f4 d5 2. Nf3 g6 3. e3 Bg7 4. Be2 c5 5. O-O Nc6 6. d3 Nf6 7. Nc3 d4 8. Ne4
Qb6 9. Nxf6+ exf6 10. e4 f5 11. Nd2 fxe4 12. dxe4 O-O 13. Nc4 Qd8 14. a4 Re8
15. e5 f6 16. Nd6 Rf8 17. Bc4+ Kh8 18. Nf7+ Rxf7 19. Bxf7 fxe5 20. Bc4 e4 21.
Qe1 e3 22. Bd3 Nb4 23. Qe2 Nxd3 24. cxd3 c4 25. Kh1 cxd3 26. Qxd3 Bf5 27. Qe2
Rc8 28. Rd1 Qe7 29. b3 Rc2 30. Qb5 Qe4 31. Rg1 Bh3 0-1

[Event "43rd Guernsey International Open"]
[Site "?"]
[Date "2017.10.16"]
[Round "2"]
[White "Heppell, Ian N"]
[Black "Ingham, H William"]
[Result "1/2-1/2"]
[WhiteElo "2034"]
[BlackElo "1817"]
[PlyCount "34"]
[EventDate "2017.10.15"]
[EventType "swiss"]
[EventRounds "7"]
[SourceDate "2017.11.01"]
[SourceVersionDate "2017.11.01"]

1. e4 d6 2. d4 c6 3. Nc3 Nf6 4. f4 Qa5 5. Bd3 e5 6. Nf3 Bg4 7. Be3 exf4 8. Bxf4
Qb4 9. O-O Bxf3 10. Qxf3 Qxd4+ 11. Kh1 Nbd7 12. Ne2 Qb6 13. Ng3 Ne5 14. Qe2
Nfd7 15. a4 g6 16. Bc4 Bg7 17. Rad1 O-O 1/2-1/2

[Event "43rd Guernsey International Open"]
[Site "?"]
[Date "2017.10.16"]
[Round "2"]
[White "Prins, Jan"]
[Black "Bakkes, Frits"]
[Result "1-0"]
[WhiteElo "2025"]
[BlackElo "1636"]
[PlyCount "87"]
[EventDate "2017.10.15"]
[EventType "swiss"]
[EventRounds "7"]
[SourceDate "2017.11.01"]
[SourceVersionDate "2017.11.01"]

1. d4 d5 2. c4 e6 3. Nc3 Nf6 4. Bf4 c6 5. e3 Bb4 6. Bd3 Qa5 7. Nge2 dxc4 8.
Bxc4 Nd5 9. Qc2 Nd7 10. Bg3 N7f6 11. O-O O-O 12. e4 Nxc3 13. bxc3 Be7 14. a4
Nh5 15. f4 Nxg3 16. Nxg3 b6 17. Qd3 c5 18. d5 exd5 19. Bxd5 c4 20. Qf3 Rb8 21.
Kh1 b5 22. axb5 Qxb5 23. Rxa7 Qc5 24. Raa1 Rb3 25. Ne2 Rd8 26. Rad1 g6 27. Nd4
Rb6 28. Rb1 Rbd6 29. Rb5 Qc7 30. h3 Ba6 31. Rbb1 Qc5 32. Bb7 Bxb7 33. Rxb7 Ra6
34. f5 Bf6 35. fxg6 hxg6 36. e5 Qxe5 37. Nc6 Rxc6 38. Qxc6 Rd6 39. Qxc4 Re6 40.
Qc8+ Kg7 41. Qc7 Qe2 42. Qxf7+ Kh6 43. Qh7+ Kg5 44. h4+ 1-0

[Event "43rd Guernsey International Open"]
[Site "?"]
[Date "2017.10.16"]
[Round "2"]
[White "Johnsen, Gunnar"]
[Black "Morcom, Huw"]
[Result "1-0"]
[WhiteElo "2178"]
[BlackElo "1936"]
[PlyCount "81"]
[EventDate "2017.10.15"]
[EventType "swiss"]
[EventRounds "7"]
[SourceDate "2017.11.01"]
[SourceVersionDate "2017.11.01"]

1. d4 Nf6 2. c4 d6 3. Nc3 e5 4. Nf3 Nbd7 5. e4 h6 6. g3 Be7 7. Bg2 O-O 8. O-O
c6 9. Rb1 Re8 10. h3 Bf8 11. Re1 Qc7 12. d5 c5 13. Bf1 Nh7 14. a3 g6 15. b4 a6
16. Bd2 Bg7 17. Kh2 Rf8 18. Nh4 Qd8 19. Na4 f5 20. Nxg6 Rf6 21. exf5 Rxf5 22.
f4 Nhf8 23. Bd3 Rf6 24. Nxf8 Qxf8 25. Qh5 b5 26. cxb5 axb5 27. Bxb5 Rf5 28. Qg6
Rf6 29. Qe4 Rf5 30. Bxd7 Bxd7 31. Nb6 Ra7 32. Nxd7 Rxd7 33. g4 Rff7 34. f5 cxb4
35. axb4 Ra7 36. Ra1 Qa8 37. Rxa7 Rxa7 38. Kg3 Ra2 39. Re2 Qa3+ 40. Qf3 Qb2 41.
f6 1-0

[Event "43rd Guernsey International Open"]
[Site "?"]
[Date "2017.10.16"]
[Round "2"]
[White "Maloberti, David"]
[Black "Dijksterhuis, Rolf"]
[Result "0-1"]
[WhiteElo "2132"]
[BlackElo "1955"]
[PlyCount "80"]
[EventDate "2017.10.15"]
[EventType "swiss"]
[EventRounds "7"]
[SourceDate "2017.11.01"]
[SourceVersionDate "2017.11.01"]

1. d4 d5 2. Bf4 Nf6 3. e3 e6 4. Bd3 Be7 5. Nc3 a6 6. h3 Nbd7 7. Nf3 b5 8. Ne5
Bb7 9. g4 Ne4 10. Bxe4 dxe4 11. Nxd7 Qxd7 12. g5 c5 13. Qg4 cxd4 14. O-O-O d3
15. Be5 Rc8 16. Rd2 Rc5 17. Bxg7 Rg8 18. Bd4 Rcxg5 19. Qf4 e5 20. Bxe5 Rf5 21.
Qh2 Qe6 22. Bb8 b4 23. Nb1 Rc5 24. c3 bxc3 25. bxc3 Bf6 26. Qd6 Qxd6 27. Bxd6
Rc6 28. Rb2 Bc8 29. Bg3 Be7 30. Kd2 Rgg6 31. Rb8 Kd7 32. h4 h5 33. Rc1 Rb6 34.
c4 Rxb8 35. Bxb8 Bxh4 36. Nc3 Bb7 37. Rh1 Bxf2 38. Rxh5 Rg2 39. Rh8 Bg1+ 40.
Ke1 Bxe3 0-1

[Event "43rd Guernsey International Open"]
[Site "?"]
[Date "2017.10.16"]
[Round "2"]
[White "Hoogland, Dirk"]
[Black "Strade, Arita"]
[Result "1-0"]
[WhiteElo "2098"]
[BlackElo "1917"]
[PlyCount "75"]
[EventDate "2017.10.15"]
[EventType "swiss"]
[EventRounds "7"]
[SourceDate "2017.11.01"]
[SourceVersionDate "2017.11.01"]

1. c4 c5 2. g3 Nf6 3. Nc3 g6 4. Bg2 Bg7 5. Nf3 O-O 6. O-O Nc6 7. d3 a6 8. a3
Rb8 9. Rb1 b5 10. cxb5 axb5 11. b4 cxb4 12. axb4 Qc7 13. Bf4 e5 14. Bg5 Qd6 15.
Qb3 h6 16. Be3 Nd4 17. Nxd4 exd4 18. Bf4 Qe7 19. Bxb8 dxc3 20. Bf4 g5 21. Be3
Ng4 22. Be4 Nxe3 23. fxe3 d6 24. Qd5 Be6 25. Qxb5 d5 26. Bg2 d4 27. Qc5 Qd7 28.
b5 Rc8 29. Bc6 Qd8 30. b6 dxe3 31. b7 Rb8 32. Ra1 Bh3 33. Bd5 Bxf1 34. Rxf1 Kh8
35. Rxf7 c2 36. Be4 c1=Q+ 37. Qxc1 Be5 38. Rh7+ 1-0